000 01026cam a22001934a 4500
005 20250605164144.0
008 250528s ||||||||||||||||||||||||d
035 _a19112
040 _aGR-AtMCL
_bgre
_dGR-AtMCL
_eAACR2
245 1 _aΕμπορικές Εταιρείες / 3η Επανέκδοση
250 _a
260 _bΑντ. Ν. Σάκκουλα,
_c1992
300 _a300
520 _aΠρόλογος, Εισαγωγή, Οι Προσωπικές Εμπορικές Εταιρίες, Κανόνες που Εφαρμόζονται σε Όλες τις Προσωπικές Εταιρίες, Η Ομόρρυθμη Εταιρία, Η Ετερόρρυθμη Εταιρία, Η Αφανής Εταιρία, Οι Κεφαλαιουχικές Εταιρίες, Η Ανώνυμη Εταιρία, Η Εταιρία περιορισμένης Ευθύνης, Πηγές, Αλφαβητικό Ευρετήριο.
700 1 _aΡόκας Νίκος Κ
_95359
942 _cBK
999 _c4391
_d4391